000 01143nam a2200301 i 4500
003 EG-GICUC
005 20260502105353.0
008 260502s1982 ua fr|||| 00| 0 ara d
040 _a EG-GICUC
_bara
_c EG-GICUC
_d EG-GICUC
_erda
041 _aara
082 0 4 _221
_a345.32311
_bع م . أ
092 0 4 _221
099 _aLaw1 07 345.32311 ع م . أ 1982
100 0 _aعمار عوابدي
_eمؤلف.
245 1 2 _a الأساس القانوني لمسؤولية الإدارة عن أعمال موظفيها /
_cعمار عوابدي.
264 1 _aالجزائر :
_bالشركة الوطنية للنشر والتوزيع،
_c1982.
300 _a254؛ صفحة
_c24 سم
336 _2rda content
_atext
337 _2rda media
_aComputer
338 _2rda carrier
_aOnline Resource
504 _aيشتمل على إرجاعات ببليوجرافية وكشاف.
546 _aالنص باللغة العربية
650 1 _aالقانون الإداري
_zالجزائر
_2qrmak
651 1 _2qrmak
856 4 0 _uhttps://fll.law.cu.edu.eg/fulltext/bks/B07-01672.pdf
905 _a167
942 _2ddc
_cBK
_e21
_n0
999 _c74778
_d74778